Countries written the same way in Four Languages - Statistics

General Stats
  • This quiz has been taken 28 times
  • The average score is 27 of 44
Answer Stats
First Letter Country % Correct
N Niger
96%
O Oman
92%
V Vanuatu
92%
H Haiti
88%
N Nigeria
88%
V Venezuela
88%
V Vietnam
88%
H Honduras
83%
T Tonga
79%
T Tuvalu
79%
U Uruguay
79%
I Iran
75%
A Angola
71%
K Kiribati
71%
P Panama
71%
T Togo
71%
P Portugal
67%
K Kosovo
63%
L Laos
63%
L Liechtenstein
63%
M Mali
63%
N Nauru
63%
P Paraguay
63%
S Samoa
63%
G Guatemala
58%
I Israel
58%
L Liberia
58%
N Nicaragua
58%
B Benin
54%
G Ghana
54%
T Turkmenistan
54%
B Brunei
50%
B Burundi
50%
P Pakistan
50%
B Burkina Faso
46%
G Guyana
46%
M Monaco
46%
N Nepal
46%
B Bahamas
42%
S Senegal
38%
T Taiwan
38%
C Costa Rica
29%
M Montenegro
21%
S Sri Lanka
21%
No matching quizzes found
Score Distribution
Percent of People with Each Score
Percentile by Number Answered
Your Score History
You have not taken this quiz